LEADER 01156nam a2200277 i 4500 001 991003588039707536 005 20021218132351.0 008 021028s2000 us 001 0 eng d 020 $a0231113412 035 $ab1183559x-39ule_inst 040 $aDi.S.Te.B.A.$beng 082 0 $a591.7072$221 245 00$aResearch techniques in animal ecology :$bcontroversies and consequences /$cLuigi Boitani, Todd K. Fuller, editors 260 3 $aNew York :$bColumbia University Press,$cc2000 300 $axxxii, 442 p :$bill ;$c24 cm 490 0 $aMethods and cases in conservation science 500 $aIncludes bibliographical references and index 650 0$aAnimal ecology$xResearch$xMethodology 700 1 $aBoitani, Luigi$eauthor$4http://id.loc.gov/vocabulary/relators/aut$074217 700 1 $aFuller, Todd K. 907 $a.b1183559x$b27-04-17$c18-12-02 912 $a991003588039707536 945 $aLE003 591.7 BOI01.01 (2000)$g1$i2003000034424$lle003$o-$pE0.00$q-$rl$s- $t0$u0$v0$w0$x0$y.i12086976$z18-12-02 996 $aResearch techniques in animal ecology$91454526 997 $aUNISALENTO 998 $ale003$b01-01-02$cm$da $e-$feng$gus $h0$i1